|
|
|
|
| LEADER |
00000nab a2200000 a 4500 |
| 001 |
vtls000022991 |
| 003 |
SK-MaSNL |
| 005 |
20260304063416.0 |
| 008 |
250422c1979 xo 0 slo |
| 015 |
|
|
|a SNBRB19rr/mm-uuuuu
|
| 035 |
|
|
|a CL0033085
|
| 035 |
|
|
|a urn:nbn:sk:snk-abdjv4
|
| 035 |
|
|
|a (urnnbn)urn:nbn:sk:snk:ar-0015sp
|
| 035 |
|
|
|a (uuid)084dd7ad-6875-40b9-8eb3-ef0f9015d69e
|
| 040 |
|
|
|a SNKBUCL
|b slo
|c SNKBUCL
|e AACR2
|
| 041 |
0 |
|
|a slo
|
| 044 |
|
|
|a xo
|c SK
|
| 080 |
|
|
|a 792
|2 1981
|
| 080 |
|
|
|a 92 Scheinpflugová, Olga
|2 1981
|
| 100 |
1 |
|
|a Procházka, Jan
|4 aut
|9 294160
|
| 245 |
1 |
0 |
|a Olga Scheinpflugová
|c Jan Procházka
|
| 600 |
1 |
7 |
|a Scheinpflugová, Olga,
|d 1902-1968
|2 snkbucl
|9 115808
|
| 655 |
|
7 |
|a články z novín a časopisov
|2 snkbucl
|9 267496
|
| 773 |
0 |
|
|t Film a divadlo
|g Roč. 23, č. 5 (1979), s. 1
|
| 850 |
|
|
|a Slovenská národná knižnica
|
| 852 |
|
|
|a Slovenská národná knižnica
|
| 954 |
|
|
|a odborná, vedecká literatúra pôvodná (slovenská)
|2 lita
|
| 958 |
|
|
|a article19
|
| 958 |
|
|
|a OND
|
| 958 |
|
|
|a RK
|
| 958 |
|
|
|a EUIPO
|
| 992 |
|
|
|a RBX
|
| 999 |
|
|
|c 2742452
|d 2744382
|